书目信息 |
| 题名: |
鬼神的魔力
|
|
| 作者: | 王景琳 著 | |
| 分册: | ||
| 出版信息: | 北京 生活·读书·新知三联书店 1992.06 |
|
| 页数: | 205页 | |
| 开本: | 20cm | |
| 丛书名: | ||
| 单 册: | ||
| 中图分类: | B93 | |
| 科图分类: | ||
| 主题词: | 神话 , 原始宗教 | |
| 电子资源: | ||
| ISBN: | 7-108-00484-4 | |
| 000 | 00665nam0 2200217 450 | |
| 001 | 1456167255 | |
| 005 | 20141104153800.31 | |
| 010 | @a7-108-00484-4@dCNY9.80 | |
| 100 | @a20141104d1992 km y0chiy0120 ea | |
| 101 | 0 | @achi |
| 102 | @aCN@b110000 | |
| 200 | 1 | @a鬼神的魔力@Agui shen de mo li@e汉民族的鬼神信仰@f王景琳著@Fwang jing lin zhu |
| 210 | @a北京@c生活·读书·新知三联书店@d1992.06 | |
| 215 | @a205页@d20cm | |
| 517 | 1 | @a汉民族的鬼神信仰@Ahan min zu de gui shen xin yang |
| 606 | 0 | @a神话 |
| 606 | 0 | @a原始宗教 |
| 690 | @aB93@v4 | |
| 701 | 0 | @a王景琳@Awang jing lin@4著 |
| 801 | 0 | @aCN@b大连网信软件有限公司图书馆·11@c20141104 |
| 905 | @aZUCC@dB93@eW233 | |
| 鬼神的魔力:汉民族的鬼神信仰/王景琳著.-北京:生活·读书·新知三联书店,1992.06 |
| 205页;20cm |
| ISBN 7-108-00484-4:CNY9.80 |
| ● |
| 相关链接 |
|
|
|
正题名:鬼神的魔力
索取号:B93/W233
 
预约/预借
| 序号 | 登录号 | 条形码 | 馆藏地/架位号 | 状态 | 备注 |
| 1 | 337929 | 203379290 | 自科二线400A/400A自科库 12排3列6层/ [索取号:B93/W233] | 在馆 |